000 00646nam a2200241Ia 4500
003 OSt
005 20221006144023.0
006 a|||||r|||| 00| 0
007 ta
008 221006b |||||||| |||| 00| 0 eng d
024 _a10,660
037 _bGift,
_cTextual
040 _aEASL
_cEASL
_beng
041 _2eng
_aeng
082 _aW691xM93.N37, K5
100 _aTSU-TUNG Mao
_9650756
245 0 _aFive essays on philosophy
260 _aPeking
_bForeign Languages Press
_c1965
300 _a157p
_ccm.
490 _v CEL
942 _hW691xM93.N37, K5
_cTEXL
_2CC
999 _c1078746
_d1078746